000 01792cad a22002415a 4500
001 L138842
008 110516s2007 xxk f f000 0 eng d
035 _a(Sirsi) u138842
041 0 _aeng
050 0 4 _a346.4104342 $2 18
110 1 _aEngland and Wales
_bLaw Commission
_93302
245 0 0 _aEncouraging responsible letting
_ba consultation paper
_h[electronic resource]
260 _aLondon
_bLaw Commission
_c2007
490 0 _aLaw Commission Consultation Paper
_v181
505 2 _aIntroduction -- The private rented sector today -- The regulatory deficit -- Encouraging compliance: costs and benefits -- The development of regulatory theory: an outline -- Regulating the private rented sector: the approach to date -- Proposals for change -- Enforced self-regulation in practice -- Home condition certification -- Responding the this paper
520 _aIn the third stage of its housing law reform programme (see also L138746 and L133508) the Law Commission considers how the management of rental property within the private rented sector can be improved. The consultation focuses on the issues of repair and maintenance of the property and harassment and unlawful eviction. It proposes that there should be a scheme of enforced self-regulation based on a partnership between parties representing landlords and their agents and government. Consultation responses required by 12 October 2007.
590 _aKA NTK
650 2 4 _aTENANCY DEPOSIT SCHEME (TDS)
651 4 _aEngland and Wales
_y1543-
690 _aPROPERTY-RESIDENTIAL PROPERTY-RESIDENTIAL LANDLORD AND TENANT
856 4 0 _uhttps://www.justice.gov.uk/lawcommission/docs/cp181_Housing_Encouraging_Responsible_Letting_Consultation.pdf
_zView the consultation paper free of charge at www.justice.gov.uk
942 _n0
999 _c107261
_d107261